00464cam a2200205 4500001000800000005001700008008004100025010001700066015001500083020001500098020002200113040001800135041000800153080001600161082001600177100000700193101000800200245002200208504002800230456554620180314094338.0731220s1973 enka b 001 0 eng  a 73179322  aGB73-25499 a090087466X a0900874651 (pbk.) aDLCcDLCdDLC aeng a730.924 MOR00a730.924 MOR1 a44 aART00aWilliam Turnbull: aBibliography: p. 73-74.